Nelson essentials of pediatrics

Focusing on the "essential" problems, this reference presents a simplified approach to understanding pediatric care. It introduces the pediatric diseases and disorders that represent both the common illnesses of childhood. It offers a simplified format and an array of tables and figures fo...

Celý popis

Uloženo v:
Podrobná bibliografie
Hlavní autor: Behrman, Richard E.
Médium: Kniha
Jazyk:Undetermined
Vydáno: Philadelphia W.B. Saunders 1994
Témata:
Tagy: Přidat tag
Žádné tagy, Buďte první, kdo otaguje tento záznam!
Thư viện lưu trữ: Trung tâm Học liệu Trường Đại học Cần Thơ
LEADER 00831nam a2200193Ia 4500
001 CTU_187228
008 210402s9999 xx 000 0 und d
082 |a 618.92 
082 |b B421 
100 |a Behrman, Richard E. 
245 0 |a Nelson essentials of pediatrics 
245 0 |c Richard E. Behrman, Robert Kliegman 
260 |a Philadelphia 
260 |b W.B. Saunders 
260 |c 1994 
520 |a Focusing on the "essential" problems, this reference presents a simplified approach to understanding pediatric care. It introduces the pediatric diseases and disorders that represent both the common illnesses of childhood. It offers a simplified format and an array of tables and figures for easy comprehension. 
650 |a Pediatrics,Khoa nhi 
910 |a Hải 
980 |a Trung tâm Học liệu Trường Đại học Cần Thơ